Floods of Queensferry Ltd and another v Shand Construction Ltd and others (Record no. 63044)

MARC details
000 -LEADER
fixed length control field 01016cam a2200217 4500
001 - CONTROL NUMBER
control field X105133
008 - FIXED-LENGTH DATA ELEMENTS--GENERAL INFORMATION
fixed length control field 000000n2000 000 0 eng u
035 ## - SYSTEM CONTROL NUMBER
System control number (Sirsi) u105133
245 ## - TITLE STATEMENT
Title Floods of Queensferry Ltd and another v Shand Construction Ltd and others
260 ## - PUBLICATION, DISTRIBUTION, ETC.
Date of publication, distribution, etc. 2000
490 ## - SERIES STATEMENT
Series statement Building Law Reports
Volume/sequential designation [2000] 2 BLR 81-95(15)
520 ## - SUMMARY, ETC.
Summary, etc. QBD 17 December 1999. Misrepresentation - company transferring business - whether misrepresentation in company's accounts - whether reliance - misrepresentation Act 1967 s2(2) - whether misrepresentee entitled to damages under s2(2) when no longer entitled to rescind contract - measure of damages under s2(2).
650 ## - SUBJECT ADDED ENTRY--TOPICAL TERM
Topical term or geographic name entry element FLOODS OF QUEENSFERRY LTD AND ANOTHER V SHAND CONSTRUCTION LTD AND OTHERS
650 ## - SUBJECT ADDED ENTRY--TOPICAL TERM
Topical term or geographic name entry element MISREPRESENTATION ACT 1967
650 ## - SUBJECT ADDED ENTRY--TOPICAL TERM
Topical term or geographic name entry element MISREPRESENTATION
650 ## - SUBJECT ADDED ENTRY--TOPICAL TERM
Topical term or geographic name entry element SUB-CONTRACTS
650 ## - SUBJECT ADDED ENTRY--TOPICAL TERM
Topical term or geographic name entry element Contracts
9 (RLIN) 6232
650 ## - SUBJECT ADDED ENTRY--TOPICAL TERM
Topical term or geographic name entry element BUILT ENVIRONMENT-BUILDING CONTRACT FORMS
690 ## - LOCAL SUBJECT ADDED ENTRY--TOPICAL TERM (OCLC, RLIN)
Topical term or geographic name as entry element BUILDING AND CONSTRUCTION-CASE LAW
942 ## - ADDED ENTRY ELEMENTS (KOHA)
Suppress in OPAC 0
Holdings
Withdrawn status Lost status Source of classification or shelving scheme Damaged status Not for loan Home library Current library Shelving location Date acquired Total Checkouts Full call number Barcode Date last seen Copy number Price effective from Koha item type
    Dewey Decimal Classification     London London Journal article 30/03/2000   X105133 105133-1001 06/08/2019 1 06/08/2019 Journal article